Hai mươi năm báo cáo phát triển con người : Hai thập kỷ vì sự phát triển con người /

Enregistré dans:
Détails bibliographiques
Auteur principal: Lê Thị Đan Dung, ThS.
Format: Article
Langue:Vietnamese
Sujets:
Tags: Ajouter un tag
Pas de tags, Soyez le premier à ajouter un tag!
Thư viện lưu trữ: Thư viện Trường Đại học Đà Lạt
LEADER 00847nam a2200265 4500
001 DLU110128653
005 ##20111130
040 # # |a DLU  |b vie 
041 # # |a vie 
044 # # |a vn 
100 # # |a Lê Thị Đan Dung,   |c ThS. 
245 # # |a Hai mươi năm báo cáo phát triển con người :  |b Hai thập kỷ vì sự phát triển con người /  |c Lê Thị Đan Dung. 
653 # # |a Chăm sóc sức khỏe 
653 # # |a Phát triển con người 
653 # # |a Phát triển giáo dục 
773 # # |t Nghiên cứu Con người  |g Số 4(49), 2010, tr. 67-71 
920 # # |a Phòng Tạp chí -- Trung tâm Thông tin - Thư viện Trường Đại học Đà Lạt 
994 # # |a DLU 
900 # # |a True 
911 # # |a Nguyễn Thị Linh Chi 
925 # # |a G 
926 # # |a A 
927 # # |a BB 
980 # # |a Thư viện Trường Đại học Đà Lạt